000 00425nam a2200181Ia 4500
001 2888
005 20260306144840.0
008 260306t2008||||xx |||||||||||||| ||spa||
041 _aESP
082 _a231.4
_bA157
100 _aAnselmo, Santo, Arzobispo de Canterbury
_eAUT
245 0 _aProslogion
260 _c2008
300 _a121 páginas :
_c24 cm.
650 _aGEN
654 _aCHU
942 _cLIB
_dJUS
_fJUS
_2ddc
_n
999 _c2888
_d2888